000 00326nam a22001097a 4500
040 _cASAB
245 _aCrop Improvement:
_bNew Approaches and Modern Techniques/
_cedit by Khalid Rehman Hakeem,Parvaiz Ahmad,Munir Ozturk.
250 _aFirst Edition
260 _aNew York
_bSpringer
_c2013
300 _a493p.
942 _2ddc
_cBK
999 _c615812
_d615812